[Event "Capablanca Memorial (Elite)"]
[Site "Havana CUB"]
[Date "2010.06.13"]
[EventDate "2010.06.10"]
[Round "4"]
[Result "1/2-1/2"]
[White "Leinier Dominguez Perez"]
[Black "Ian Nepomniachtchi"]
[WhiteElo "2713"]
[BlackElo "2695"]
[PlyCount "86"]

1. d4 Nf6 2. c4 g6 3. g3 c6 4. Nf3 Bg7 5. Bg2 d5 6. cxd5 cxd5
7. Nc3 O-O 8. Ne5 e6 9. O-O Nfd7 10. f4 Nc6 11. Kh1 f5 12. b3
Qa5 13. Bd2 Qa6 14. Nxc6 bxc6 15. Be3 c5 16. Rc1 cxd4 17. Bxd4
Bb7 18. Bxg7 Kxg7 19. Qd4+ Kg8 20. Rc2 Rac8 21. Rfc1 Rc6
22. Nd1 Rfc8 23. Rxc6 Rxc6 24. Rxc6 Bxc6 25. Nc3 Qa3 26. Bf3
a5 27. Kg2 Qb2 28. h3 h5 29. g4 hxg4 30. hxg4 fxg4 31. Bxg4
Kf7 32. Kf2 Nf6 33. Bf3 Qa3 34. Qa7+ Bd7 35. Qd4 Bc6 36. Qd2
Qb4 37. e3 g5 38. fxg5 Qh4+ 39. Ke2 Qxg5 40. Qd4 Qf5 41. Qd3
Qe5 42. Qd4 Qh2+ 43. Kd1 Qb2 1/2-1/2

[Event "Capablanca Memorial (Elite)"]
[Site "Havana CUB"]
[Date "2010.06.14"]
[EventDate "2010.06.10"]
[Round "5"]
[Result "1/2-1/2"]
[White "Evgeny Alekseev"]
[Black "Leinier Dominguez Perez"]
[WhiteElo "2700"]
[BlackElo "2713"]
[PlyCount "83"]

1. d4 Nf6 2. Nf3 g6 3. c4 Bg7 4. g3 d5 5. cxd5 Nxd5 6. Bg2 Nb6
7. Nc3 Nc6 8. e3 O-O 9. O-O Re8 10. Re1 e6 11. Qc2 Qe7 12. b3
e5 13. Nxe5 Nxe5 14. dxe5 Qxe5 15. Bb2 c6 16. Na4 Qe7 17. Bxg7
Kxg7 18. Nc5 Nd7 19. Qc3+ Qf6 20. Qxf6+ Kxf6 21. Ne4+ Ke7
22. Red1 Nf6 23. Nc5 Nd7 24. Nd3 Rd8 25. Kf1 Nf6 26. e4 Be6
27. Nc5 Rxd1+ 28. Rxd1 Bc8 29. Nd3 a5 30. Nb2 Be6 31. Ke2 Nd7
32. Kd2 Nb6 33. Rb1 a4 34. Nxa4 Nxa4 35. bxa4 Rxa4 36. Rxb7+
Kd6 37. e5+ Kxe5 38. Bxc6 Rxa2+ 39. Ke3 Ra3+ 40. Kd2 Ra2+
41. Ke3 Ra3+ 42. Kd2 1/2-1/2

[Event "Capablanca Memorial (Elite)"]
[Site "Havana CUB"]
[Date "2010.06.16"]
[EventDate "2010.06.10"]
[Round "6"]
[Result "1/2-1/2"]
[White "Lazaro Bruzon Batista"]
[Black "Leinier Dominguez Perez"]
[WhiteElo "2668"]
[BlackElo "2713"]
[PlyCount "27"]

1. d4 d5 2. Nf3 Nf6 3. c4 dxc4 4. e3 e6 5. Bxc4 c5 6. O-O a6
7. dxc5 Bxc5 8. Qxd8+ Kxd8 9. Be2 Ke7 10. b3 Nbd7 11. Nbd2 b6
12. Bb2 Bb7 13. Rfd1 Rhc8 14. Ne1 1/2-1/2

[Event "Capablanca Memorial (Elite)"]
[Site "Havana CUB"]
[Date "2010.06.17"]
[EventDate "2010.06.10"]
[Round "7"]
[Result "1/2-1/2"]
[White "Leinier Dominguez Perez"]
[Black "Nigel Short"]
[WhiteElo "2713"]
[BlackElo "2685"]
[PlyCount "53"]

1. d4 e6 2. c4 Nf6 3. g3 c5 4. Nf3 cxd4 5. Nxd4 Qc7 6. Nc3 a6
7. Bg2 Qxc4 8. O-O Nc6 9. Nb3 d5 10. Bf4 Be7 11. a3 d4 12. Nd2
Qc5 13. Nce4 Nxe4 14. Nxe4 Qb6 15. Nd6+ Bxd6 16. Bxd6 Kd7
17. Bf4 Ke7 18. Bxc6 bxc6 19. Be5 c5 20. b4 f6 21. bxc5 Qxc5
22. Bxd4 Qd5 23. Rc1 Rd8 24. Rc7+ Rd7 25. Bc5+ Kf7 26. Qxd5
exd5 27. Rxd7+ 1/2-1/2

[Event "Capablanca Memorial (Elite)"]
[Site "Havana CUB"]
[Date "2010.06.18"]
[EventDate "2010.06.10"]
[Round "8"]
[Result "1/2-1/2"]
[White "Vassily Ivanchuk"]
[Black "Leinier Dominguez Perez"]
[WhiteElo "2741"]
[BlackElo "2713"]
[PlyCount "65"]

1. d4 Nf6 2. c4 g6 3. Nc3 d5 4. Bg5 Bg7 5. Bxf6 Bxf6 6. cxd5
c6 7. Rc1 O-O 8. dxc6 Qxd4 9. Qxd4 Bxd4 10. Nf3 Bxc3+ 11. Rxc3
Nxc6 12. e3 Be6 13. Bc4 Bxc4 14. Rxc4 Rfc8 15. Kd2 Na5
16. Rxc8+ Rxc8 17. Rc1 Nc4+ 18. Ke2 f6 19. Nd2 Nd6 20. Rxc8+
Nxc8 21. Ne4 Kf7 22. Kd3 e6 23. g4 h6 24. Kd4 Ke7 25. a4 Nd6
26. Nc5 b6 27. Nd3 Nf7 28. h4 Kd6 29. e4 Ne5 30. Nxe5 fxe5+
31. Kc4 a6 32. b4 g5 33. h5 1/2-1/2

[Event "Capablanca Memorial (Elite)"]
[Site "Havana CUB"]
[Date "2010.06.19"]
[EventDate "2010.06.10"]
[Round "9"]
[Result "1/2-1/2"]
[White "Ian Nepomniachtchi"]
[Black "Leinier Dominguez Perez"]
[WhiteElo "2695"]
[BlackElo "2713"]
[PlyCount "194"]

1. e4 c5 2. Nf3 d6 3. d4 cxd4 4. Nxd4 Nf6 5. Nc3 a6 6. h3 e6
7. g4 Be7 8. Bg2 Nfd7 9. O-O Nc6 10. f4 O-O 11. Be3 Nxd4
12. Qxd4 b5 13. a4 bxa4 14. Qxa4 Rb8 15. Rfb1 Bb7 16. Qa5 Qc8
17. Rd1 Nc5 18. Rd2 Bc6 19. b4 Nd7 20. Rb1 Qb7 21. g5 Rfc8
22. Qa2 Nb6 23. Bf1 Bb5 24. Nxb5 axb5 25. Re2 Na4 26. Bd2 Nc3
27. Bxc3 Rxc3 28. Rb3 Rc4 29. Ree3 Rc7 30. h4 d5 31. c3 dxe4
32. Qg2 Qa7 33. Qxe4 g6 34. h5 Rbc8 35. hxg6 hxg6 36. Qd4 Qxd4
37. cxd4 Rd8 38. Re4 Rcd7 39. Kf2 Rxd4 40. Ke3 Rxe4+ 41. Kxe4
Rb8 42. Bd3 Bd6 43. Rb1 Kg7 44. Ra1 Bxb4 45. Rb1 Bd6 46. Bxb5
Rh8 47. Rd1 Bb8 48. Rf1 Rh4 49. Ke3 Kf8 50. Be2 Bd6 51. Bd1
Ke7 52. Be2 Rh3+ 53. Rf3 Rh8 54. Bd3 Bc5+ 55. Kd2 Rh4 56. Be2
Rh8 57. Bd3 Ra8 58. Bc2 Ra2 59. Kd3 Rb2 60. Kc3 Rb4 61. Kd3
Rd4+ 62. Ke2 Bb4 63. Bd3 Bd6 64. Ke3 Rb4 65. Rf1 Ra4 66. Be4
Ra3+ 67. Bd3 Ra2 68. Kf3 Ra3 69. Ke2 Rb3 70. Ke3 Rc3 71. Kd4
Rc8 72. Ke3 Rh8 73. Rf3 Rh4 74. Rf1 Rg4 75. Be2 Bxf4+ 76. Rxf4
Rxg5 77. Ra4 Re5+ 78. Kf2 f5 79. Bf3 g5 80. Rb4 Kf6 81. Ra4
Rc5 82. Rb4 Rc2+ 83. Ke3 Rc3+ 84. Kf2 Rd3 85. Ra4 Rd8 86. Ke3
Rh8 87. Ra6 Rh3 88. Kf2 Rh6 89. Bd5 Ke5 90. Ba2 g4 91. Kg3
Rh3+ 92. Kg2 Rh6 93. Kg3 Rg6 94. Ra5+ Kf6 95. Ra6 Ke5 96. Ra5+
Kf6 97. Ra6 Ke5 1/2-1/2

[Event "Chess Olympiad"]
[Site "Khanty-Mansiysk RUS"]
[Date "2010.09.24"]
[EventDate "2010.09.21"]
[Round "4"]
[Result "1/2-1/2"]
[White "Leinier Dominguez Perez"]
[Black "Bart Michiels"]
[WhiteElo "2716"]
[BlackElo "2459"]
[PlyCount "131"]

1. e4 c6 2. d4 d5 3. Nc3 dxe4 4. Nxe4 Bf5 5. Ng3 Bg6 6. h4 h6
7. Nf3 Nd7 8. h5 Bh7 9. Bd3 Bxd3 10. Qxd3 e6 11. Bd2 Ngf6
12. O-O-O Be7 13. Ne4 Qb6 14. Nxf6+ Bxf6 15. Be3 c5 16. Qa3
Rc8 17. d5 O-O 18. Qb3 exd5 19. Rxd5 Qc6 20. Rhd1 Rcd8 21. Rd6
Qc8 22. Qb5 a6 23. Qa4 Ne5 24. Rxd8 Rxd8 25. Rxd8+ Qxd8
26. Nxe5 Bxe5 27. Qe4 Bd4 28. Bxd4 cxd4 29. g4 Qf6 30. Qe8+
Kh7 31. Qe4+ Kg8 32. f3 Qg5+ 33. Kd1 Qb5 34. Qxd4 Qf1+ 35. Kd2
Qg2+ 36. Ke3 Qg1+ 37. Ke4 Qe1+ 38. Qe3 Qb4+ 39. Qd4 Qe1+
40. Kd5 Qe6+ 41. Kc5 Qc6+ 42. Kb4 Qxc2 43. a4 Qc6 44. Qe4 Qd6+
45. Kb3 Qd1+ 46. Ka2 Qd7 47. Ka3 Qd6+ 48. b4 a5 49. Qe8+ Kh7
50. Qe4+ Kg8 51. Qc4 axb4+ 52. Qxb4 Qd3+ 53. Qb3 Qd6+ 54. Kb2
Qd4+ 55. Ka2 Qf2+ 56. Kb1 Qg1+ 57. Kc2 Qf2+ 58. Kc1 Qg1+
59. Kd2 Qf2+ 60. Kd1 Qf1+ 61. Kc2 Qf2+ 62. Kb1 Qg1+ 63. Ka2
Qf2+ 64. Ka3 Qc5+ 65. Ka2 Qf2+ 66. Ka3 1/2-1/2

[Event "Chess Olympiad"]
[Site "Khanty-Mansiysk RUS"]
[Date "2010.09.25"]
[EventDate "2010.09.21"]
[Round "5"]
[Result "1/2-1/2"]
[White "Fabiano Caruana"]
[Black "Leinier Dominguez Perez"]
[WhiteElo "2700"]
[BlackElo "2716"]
[PlyCount "43"]

1. d4 d5 2. c4 c6 3. Nc3 Nf6 4. e3 a6 5. Qc2 e6 6. Nf3 c5
7. cxd5 exd5 8. Be2 Nc6 9. Ne5 Nb4 10. Qa4+ Bd7 11. Nxd7 Qxd7
12. Bb5 Nc6 13. O-O Rc8 14. Be2 cxd4 15. exd4 Bd6 16. Bg5 Qf5
17. Bxf6 Qxf6 18. Rad1 O-O 19. Nxd5 Bxh2+ 20. Kxh2 Qd6+
21. Kg1 Qxd5 22. Bf3 1/2-1/2

[Event "Chess Olympiad"]
[Site "Khanty-Mansiysk RUS"]
[Date "2010.09.27"]
[EventDate "2010.09.21"]
[Round "6"]
[Result "1/2-1/2"]
[White "Leinier Dominguez Perez"]
[Black "Ivan Sokolov"]
[WhiteElo "2716"]
[BlackElo "2641"]
[PlyCount "118"]

1. e4 e5 2. Nf3 Nc6 3. Bb5 a6 4. Ba4 d6 5. O-O Bd7 6. d4 exd4
7. Nxd4 b5 8. Nxc6 Bxc6 9. Bb3 Nf6 10. c4 Be7 11. Nc3 O-O
12. Re1 Re8 13. Bf4 b4 14. Nd5 Nxd5 15. cxd5 Bb5 16. Qd2 Bf6
17. Rac1 a5 18. Bc4 Bd7 19. Re2 h5 20. f3 Rc8 21. Be3 h4
22. h3 Rb8 23. Kh1 a4 24. Bd4 Bg5 25. Be3 Bf6 26. Ba7 Rb7
27. Bd4 Bg5 28. Be3 Bf6 29. Bd4 Bg5 30. Be3 Bf6 31. Ba6 Rb8
32. Bd4 Bg5 33. Be3 Bf6 34. Qd1 a3 35. b3 Bb2 36. Rcc2 f5
37. Bd4 fxe4 38. fxe4 Bxd4 39. Qxd4 Re5 40. Qa7 Ra8 41. Qb7
Re7 42. Bd3 Rf7 43. Re1 Rb8 44. Qa7 Rc8 45. Rf2 Rxf2 46. Qxf2
Qf6 47. Qd2 Qd4 48. Qc2 Rf8 49. e5 dxe5 50. Bh7+ Kh8 51. Be4
Qf2 52. Rc1 Qe3 53. Rg1 Rf2 54. Qxc7 Qxe4 55. Qxd7 Kh7 56. d6
Rxa2 57. Qe8 Rd2 58. Qh5+ Kg8 59. Qe8+ Kh7 1/2-1/2

[Event "Chess Olympiad"]
[Site "Khanty-Mansiysk RUS"]
[Date "2010.09.28"]
[EventDate "2010.09.21"]
[Round "7"]
[Result "0-1"]
[White "Jan Smeets"]
[Black "Leinier Dominguez Perez"]
[WhiteElo "2669"]
[BlackElo "2716"]
[PlyCount "82"]

1. e4 c5 2. Nf3 d6 3. d4 cxd4 4. Nxd4 Nf6 5. Nc3 a6 6. Bg5 e6
7. f4 Nbd7 8. Qf3 Qc7 9. O-O-O b5 10. e5 Bb7 11. Qh3 dxe5
12. Nxe6 fxe6 13. Qxe6+ Be7 14. Nxb5 axb5 15. Bxb5 Be4 16. c3
O-O-O 17. Rhe1 Ba3 18. Qa6+ Bb7 19. Qxa3 e4 20. Rd4 Nc5
21. Rc4 Nd3+ 22. Kb1 Qxc4 23. Bxc4 Nxe1 24. Qc5+ Kb8 25. Qe5+
Ka8 26. Qa5+ Kb8 27. Qe5+ Ka8 28. a4 Rd1+ 29. Ka2 Nd5 30. f5
Rc8 31. Bb3 Nd3 32. Qxg7 Rf1 33. Qd7 Nc5 34. Qb5 Rxf5 35. Qa5+
Na6 36. Ka3 Rxg5 37. c4 e3 38. cxd5 e2 39. Qe1 Re5 40. d6 Re3
41. Ka2 Nb4+ 0-1

[Event "Chess Olympiad"]
[Site "Khanty-Mansiysk RUS"]
[Date "2010.09.29"]
[EventDate "2010.09.21"]
[Round "8"]
[Result "1/2-1/2"]
[White "Ehsan Ghaem Maghami"]
[Black "Leinier Dominguez Perez"]
[WhiteElo "2594"]
[BlackElo "2716"]
[PlyCount "49"]

1. c4 c5 2. Nf3 Nc6 3. d4 cxd4 4. Nxd4 Nf6 5. Nc3 e6 6. a3 Be7
7. e4 O-O 8. Nf3 Qc7 9. Bd3 Ng4 10. Nb5 Qb8 11. Bg5 f6 12. Bh4
a6 13. Nc3 b6 14. Be2 Nge5 15. Nxe5 Nxe5 16. Bg3 Qc7 17. O-O
Bb7 18. Rc1 Rad8 19. Kh1 Kh8 20. f3 d6 21. f4 Nxc4 22. b3 d5
23. bxc4 dxc4 24. f5 Qc6 25. Qc2 1/2-1/2

[Event "Chess Olympiad"]
[Site "Khanty-Mansiysk RUS"]
[Date "2010.10.01"]
[EventDate "2010.09.21"]
[Round "10"]
[Result "1/2-1/2"]
[White "Ahmed Adly"]
[Black "Leinier Dominguez Perez"]
[WhiteElo "2630"]
[BlackElo "2716"]
[PlyCount "166"]

1. d4 d5 2. Nf3 Nf6 3. c4 c6 4. Nc3 a6 5. e3 b5 6. b3 Bg4
7. Be2 Nbd7 8. h3 Bh5 9. O-O e6 10. Bb2 Bd6 11. Ne5 Bxe2
12. Nxe2 bxc4 13. bxc4 O-O 14. Qc2 Qc7 15. cxd5 cxd5 16. Rfc1
Rfc8 17. Qxc7 Bxc7 18. Nc6 Bd6 19. a4 Nb6 20. Ba3 Nc4 21. Bxd6
Rxc6 22. Bf4 h6 23. Rab1 Rac8 24. h4 Nd7 25. Rb7 Ndb6 26. Ra1
Na5 27. Ra7 Ra8 28. Rc7 Rc8 29. Ra7 Ra8 30. Rxa8+ Nxa8 31. Nc1
Nb6 32. Nd3 Nb3 33. Rb1 Rc3 34. Nc5 Nxc5 35. Rxb6 Nxa4
36. Rxa6 Nb2 37. Ra8+ Kh7 38. Rf8 f6 39. Re8 Nd3 40. Bg3 Rc1+
41. Kh2 e5 42. dxe5 fxe5 43. Bxe5 Nxf2 44. Bd4 Rh1+ 45. Kg3
Ne4+ 46. Kg4 Rg1 47. Kh3 Rh1+ 48. Kg4 Rg1 49. Rd8 Rxg2+
50. Kf5 h5 51. Rxd5 Rg4 52. Rd7 Ng3+ 53. Ke6 Rg6+ 54. Kf7 Nf5
55. Rd5 Nh6+ 56. Kf8 Rg4 57. Rxh5 Kg6 58. Ra5 Rxh4 59. Ra6+
Kh5 60. Bxg7 Nf5 61. Re6 Ra4 62. Bf6 Ng3 63. Bd4 Nf5 64. Bc5
Ng3 65. Bd4 Nf5 66. Bc3 Ng3 67. Kf7 Re4 68. Be1 Rxe6 69. Kxe6
Ne4 70. Ke5 Nc5 71. Kd4 Nd7 72. Kd5 Kg6 73. Kd6 Nf6 74. Bh4
Ng4 75. e4 Kf7 76. Bg3 Nf6 77. e5 Ne4+ 78. Kd7 Nc5+ 79. Kc6
Ne6 80. Kd6 Nf8 81. Bf4 Ne6 82. Bc1 Nf8 83. Ba3 Ne6 1/2-1/2

[Event "Baku Open"]
[Site "Baku AZE"]
[Date "2011.08.07"]
[EventDate "2011.08.06"]
[Round "2"]
[Result "1/2-1/2"]
[White "Sarhan Guliev"]
[Black "Leinier Dominguez Perez"]
[WhiteElo "2500"]
[BlackElo "2719"]
[PlyCount "189"]

1. d4 Nf6 2. c4 g6 3. Nf3 Bg7 4. g3 d5 5. cxd5 Nxd5 6. Bg2 Nb6
7. O-O Nc6 8. Nc3 O-O 9. e3 Re8 10. d5 Na5 11. Nd4 Bd7 12. b3
Rc8 13. Bb2 c6 14. e4 cxd5 15. exd5 Nbc4 16. bxc4 Qb6 17. Ncb5
a6 18. Rb1 Nxc4 19. Bc3 axb5 20. Nxb5 Bxb5 21. Bxg7 Ne3
22. fxe3 Qxe3+ 23. Rf2 Kxg7 24. Qd2 Qxd2 25. Rxd2 Ba6 26. d6
exd6 27. Rb6 Rc1+ 28. Kf2 Re6 29. Bxb7 Rf6+ 30. Ke3 Bxb7
31. Rxb7 Rc3+ 32. Kd4 Ra3 33. Kc4 Rf5 34. Rd7 Rfa5 35. Rf2 Rf5
36. Rd2 h5 37. Kb4 Ra8 38. a4 Rb8+ 39. Kc4 Rc5+ 40. Kd4 Ra5
41. Rxd6 Rxa4+ 42. Ke3 Rb1 43. Rd1 Rb5 44. R6d5 Rb2 45. R1d2
Ra3+ 46. Kf2 Rbb3 47. Rd7 h4 48. gxh4 Rh3 49. Kf1 Rhf3+
50. Kg2 Rf4 51. R7d4 Ra4 52. Rxf4 Rxf4 53. Kg3 Ra4 54. Rd5 Kh6
55. Rd8 Ra3+ 56. Kg2 Kh5 57. Rd4 f5 58. Rc4 Re3 59. Rd4 Kh6
60. Ra4 Kg7 61. Kf2 Rb3 62. Kg2 Kh6 63. Rc4 Kh5 64. Rd4 Rb2+
65. Kg3 Rb1 66. Kg2 Re1 67. Rc4 Re6 68. Rd4 Kh6 69. Ra4 Kg7
70. Kf3 Kf6 71. Kf4 Re1 72. Kf3 Rf1+ 73. Kg2 Rd1 74. Ra6+ Kg7
75. Ra7+ Kh6 76. Ra4 Rd3 77. Rc4 Rd6 78. Rf4 Rd5 79. Ra4 Rd3
80. Rb4 Re3 81. Kf2 Re6 82. Rf4 Re5 83. Ra4 Kg7 84. Kf3 Kf6
85. Ra6+ Kg7 86. h5 gxh5 87. Kf4 Re2 88. h4 Re4+ 89. Kg5 Rg4+
90. Kxf5 Rxh4 91. Ra7+ Kf8 92. Kf6 Rf4+ 93. Kg5 Rf7 94. Rxf7+
Kxf7 95. Kxh5 1/2-1/2

[Event "World Cup"]
[Site "Khanty-Mansiysk RUS"]
[Date "2011.08.29"]
[EventDate "2011.08.28"]
[Round "1.2"]
[Result "1/2-1/2"]
[White "Elshan Moradiabadi"]
[Black "Leinier Dominguez Perez"]
[WhiteElo "2532"]
[BlackElo "2719"]
[PlyCount "143"]

1. d4 Nf6 2. c4 g6 3. Nc3 d5 4. Bg5 Ne4 5. Bh4 Nxc3 6. bxc3
dxc4 7. e3 Be6 8. Be2 Bg7 9. Nh3 O-O 10. Nf4 Bf5 11. O-O c5
12. Bxc4 Nc6 13. Qe2 cxd4 14. cxd4 Rc8 15. Rac1 Qd6 16. Bg3
Qa3 17. Rcd1 Na5 18. Bd3 Bxd3 19. Rxd3 Qa4 20. Rd2 Rfd8
21. Nd3 b6 22. h3 Rc3 23. Rb1 Rdc8 24. Rb4 Qa3 25. Rb5 Qa4
26. Rb4 Qa3 27. Rb5 Nc4 28. Rd1 Qa4 29. Rb4 Qc2 30. Qxc2 Rxc2
31. a4 e6 32. Rbb1 Nd2 33. Rbc1 Ne4 34. Rxc2 Rxc2 35. Bb8 Nc3
36. Ra1 a5 37. Ba7 Rd2 38. Nf4 e5 39. Rc1 exd4 40. Bxb6 d3
41. Bxa5 Rc2 42. Rxc2 dxc2 43. Nd3 Nxa4 44. Bd2 Nb2 45. Nc5
Bf8 46. Bc1 Bxc5 47. Bxb2 f5 48. Kf1 Kf7 49. Ke2 Ke6 50. f3 h5
51. Kd3 Kd5 52. Bc1 Bd6 53. Kxc2 Kc4 54. Kd2 Be5 55. Ke2 Kd5
56. Kd3 Bd6 57. Bb2 Bc7 58. Bf6 Bd6 59. e4+ fxe4+ 60. fxe4+
Ke6 61. Bd4 Bg3 62. Ke3 Bd6 63. Kf3 Bc7 64. Bg7 Bd6 65. Ke3
Bc7 66. Kd4 Bb6+ 67. Kc4 Bc7 68. Bd4 Bb8 69. Bf2 Bf4 70. Bd4
Bb8 71. Bf2 Bf4 72. Bd4 1/2-1/2

[Event "World Cup"]
[Site "Khanty-Mansiysk RUS"]
[Date "2011.09.01"]
[EventDate "2011.08.28"]
[Round "2.2"]
[Result "1/2-1/2"]
[White "Leinier Dominguez Perez"]
[Black "Viktor Antonovich Bologan"]
[WhiteElo "2719"]
[BlackElo "2678"]
[PlyCount "20"]

1. e4 g6 2. d4 Bg7 3. Nc3 d6 4. Be3 a6 5. Qd2 Nd7 6. O-O-O b5
7. h4 h5 8. Nh3 Bb7 9. Ng5 Ngf6 10. e5 b4 1/2-1/2

[Event "World Cup"]
[Site "Khanty-Mansiysk RUS"]
[Date "2011.09.03"]
[EventDate "2011.08.28"]
[Round "3.1"]
[Result "1-0"]
[White "Leinier Dominguez Perez"]
[Black "Igor Lysyj"]
[WhiteElo "2719"]
[BlackElo "2629"]
[PlyCount "69"]

1. e4 e5 2. Nf3 Nc6 3. Bb5 Nf6 4. O-O Nxe4 5. d4 Nd6 6. Bxc6
dxc6 7. dxe5 Nf5 8. Qxd8+ Kxd8 9. Rd1+ Ke8 10. Nc3 Ne7 11. h3
Ng6 12. Re1 Bb4 13. Bd2 Be6 14. a3 Bxc3 15. Bxc3 Rd8 16. Kh2
Rd5 17. g4 h5 18. Kg3 h4+ 19. Kh2 c5 20. Ng5 Rd7 21. Rad1 Rxd1
22. Rxd1 Bc8 23. Ne4 Ke7 24. Nxc5 b6 25. Ne4 Bb7 26. Ng5 Bc8
27. Bb4+ c5 28. Bc3 Nf4 29. Ne4 Ba6 30. Nd6 g6 31. Nxf7 Rf8
32. Ng5 Ne6 33. Nxe6 Kxe6 34. Rd6+ Ke7 35. Kg1 1-0

[Event "World Cup"]
[Site "Khanty-Mansiysk RUS"]
[Date "2011.09.05"]
[EventDate "2011.08.28"]
[Round "3.3"]
[Result "1/2-1/2"]
[White "Igor Lysyj"]
[Black "Leinier Dominguez Perez"]
[WhiteElo "2629"]
[BlackElo "2719"]
[PlyCount "47"]

1. d4 Nf6 2. c4 g6 3. Nc3 d5 4. cxd5 Nxd5 5. Na4 e5 6. dxe5
Nc6 7. a3 Bf5 8. Nf3 Qd7 9. e3 O-O-O 10. Bd2 Qe7 11. Be2 Nxe5
12. O-O Nxf3+ 13. Bxf3 Qe6 14. Rc1 Kb8 15. Nc5 Bxc5 16. Rxc5
Be4 17. Bxe4 Qxe4 18. Qc1 f5 19. Rd1 Rd7 20. Rc4 Qe6 21. Rd4
Rhd8 22. Qc4 c6 23. Be1 Kc8 24. h3 1/2-1/2

[Event "World Cup"]
[Site "Khanty-Mansiysk RUS"]
[Date "2011.09.05"]
[EventDate "2011.08.28"]
[Round "3.4"]
[Result "1/2-1/2"]
[White "Leinier Dominguez Perez"]
[Black "Igor Lysyj"]
[WhiteElo "2719"]
[BlackElo "2629"]
[PlyCount "33"]

1. c4 Nf6 2. g3 e6 3. Bg2 d5 4. Nf3 Be7 5. O-O O-O 6. b3 b6
7. Bb2 Bb7 8. e3 Nbd7 9. Nc3 Ne4 10. Ne2 Bf6 11. d4 dxc4
12. bxc4 c5 13. Nf4 Nd6 14. Qb3 cxd4 15. exd4 Rc8 16. Rfc1 Qc7
17. Bf1 1/2-1/2

[Event "World Cup"]
[Site "Khanty-Mansiysk RUS"]
[Date "2011.09.05"]
[EventDate "2011.08.28"]
[Round "3.5"]
[Result "1/2-1/2"]
[White "Leinier Dominguez Perez"]
[Black "Igor Lysyj"]
[WhiteElo "2719"]
[BlackElo "2629"]
[PlyCount "92"]

1. e4 e5 2. Nf3 Nc6 3. Bb5 Nf6 4. O-O Nxe4 5. d4 Nd6 6. Bxc6
dxc6 7. dxe5 Nf5 8. Qxd8+ Kxd8 9. Rd1+ Ke8 10. Nc3 Ne7 11. h3
Ng6 12. a3 Be7 13. Re1 Nh4 14. Nxh4 Bxh4 15. Ne2 Be7 16. Nd4
Bc5 17. Be3 Bxd4 18. Bxd4 Be6 19. Rad1 Rd8 20. g4 b6 21. Kg2
h5 22. Kg3 Rd7 23. f4 g6 24. Bc3 Rxd1 25. Rxd1 hxg4 26. hxg4
Bd5 27. e6 Rh1 28. exf7+ Kxf7 29. Rxh1 Bxh1 30. Be5 Be4 31. c3
b5 32. Bxc7 Bc2 33. b4 Ke6 34. Kh4 a6 35. Kg5 Bd3 36. Kh6 Kf7
37. f5 gxf5 38. g5 f4 39. Bxf4 Bg6 40. Be5 Bc2 41. Kh5 Bg6+
42. Kg4 Ke6 43. Kf4 Kd5 44. Bh8 Ke6 45. Ke3 Kd5 46. Bg7 Bh7
1/2-1/2

[Event "World Cup"]
[Site "Khanty-Mansiysk RUS"]
[Date "2011.09.05"]
[EventDate "2011.08.28"]
[Round "3.6"]
[Result "1/2-1/2"]
[White "Igor Lysyj"]
[Black "Leinier Dominguez Perez"]
[WhiteElo "2629"]
[BlackElo "2719"]
[PlyCount "27"]

1. d4 Nf6 2. c4 g6 3. Nc3 d5 4. cxd5 Nxd5 5. Na4 e5 6. dxe5
Nc6 7. a3 Bf5 8. Nf3 Qd7 9. e3 O-O-O 10. Bd2 Qe7 11. Be2 Nxe5
12. O-O Be4 13. Nxe5 Qxe5 14. Nc3 1/2-1/2

[Event "World Cup"]
[Site "Khanty-Mansiysk RUS"]
[Date "2011.09.05"]
[EventDate "2011.08.28"]
[Round "3.7"]
[Result "1/2-1/2"]
[White "Igor Lysyj"]
[Black "Leinier Dominguez Perez"]
[WhiteElo "2629"]
[BlackElo "2719"]
[PlyCount "26"]

1. d4 d5 2. c4 c6 3. Nf3 Nf6 4. e3 a6 5. Nc3 b5 6. b3 Bg4
7. Bd2 e6 8. h3 Bxf3 9. Qxf3 Bb4 10. Bd3 Qa5 11. Rc1 Bxc3
12. Rxc3 Qxa2 13. Qd1 Rf8 1/2-1/2

[Event "World Cup"]
[Site "Khanty-Mansiysk RUS"]
[Date "2011.09.05"]
[EventDate "2011.08.28"]
[Round "3.8"]
[Result "1/2-1/2"]
[White "Leinier Dominguez Perez"]
[Black "Igor Lysyj"]
[WhiteElo "2719"]
[BlackElo "2629"]
[PlyCount "36"]

1. e4 e5 2. Nf3 Nc6 3. Bb5 Nf6 4. d3 Bc5 5. c3 O-O 6. O-O d6
7. Nbd2 a6 8. Ba4 Ba7 9. h3 Ne7 10. Re1 Ng6 11. Nf1 c6 12. Ng3
d5 13. Bb3 dxe4 14. Nxe4 Nxe4 15. dxe4 h6 16. Qxd8 Rxd8
17. Be3 Bxe3 18. Rxe3 Kf8 1/2-1/2

[Event "World Cup"]
[Site "Khanty-Mansiysk RUS"]
[Date "2011.09.05"]
[EventDate "2011.08.28"]
[Round "3.9"]
[Result "1-0"]
[White "Leinier Dominguez Perez"]
[Black "Igor Lysyj"]
[WhiteElo "2719"]
[BlackElo "2629"]
[PlyCount "79"]

1. c4 Nf6 2. g3 e6 3. Bg2 d5 4. Nf3 Be7 5. O-O O-O 6. b3 b6
7. Bb2 Bb7 8. e3 Nbd7 9. Qe2 c5 10. Nc3 Ne4 11. cxd5 Nxc3
12. Bxc3 Bxd5 13. e4 Bb7 14. Rfd1 Qc7 15. Rac1 Rad8 16. d4 Qb8
17. d5 exd5 18. exd5 Bf6 19. Nh4 Bxc3 20. Rxc3 Nf6 21. Nf5
Rfe8 22. Re3 g6 23. Qb2 Rxe3 24. Qxf6 gxf5 25. fxe3 Qd6
26. Qg5+ Kf8 27. Qxf5 Kg7 28. Qg5+ Kf8 29. Rf1 Re8 30. e4 Bc8
31. Qh5 Qg6 32. Qh4 Kg7 33. Qf4 Bd7 34. Qc7 Bg4 35. h3 Be2
36. Rf4 h5 37. Kh2 Bd3 38. e5 Bf5 39. e6 Rf8 40. Qe5+ 1-0

[Event "SportAccord Mind Games (Blitz)"]
[Site "Beijing CHN"]
[Date "2011.12.13"]
[EventDate "2011.12.12"]
[Round "9"]
[Result "1/2-1/2"]
[White "Leinier Dominguez Perez"]
[Black "Peter Heine Nielsen"]
[WhiteElo "2712"]
[BlackElo "2693"]
[PlyCount "21"]

1. e4 c5 2. Nf3 d6 3. d4 cxd4 4. Nxd4 Nf6 5. Nc3 g6 6. Be3 Bg7
7. f3 O-O 8. Qd2 Nc6 9. O-O-O d5 10. Nxc6 bxc6 11. Bd4 1/2-1/2

[Event "SportAccord Mind Games (Blitz)"]
[Site "Beijing CHN"]
[Date "2011.12.13"]
[EventDate "2011.12.12"]
[Round "11"]
[Result "0-1"]
[White "Leinier Dominguez Perez"]
[Black "Sergey Karjakin"]
[WhiteElo "2712"]
[BlackElo "2763"]
[PlyCount "119"]

1. e4 e5 2. Nf3 Nc6 3. Bb5 a6 4. Ba4 Nf6 5. O-O Be7 6. Re1 b5
7. Bb3 O-O 8. h3 d6 9. c3 Na5 10. Bc2 c5 11. d4 Nd7 12. b3
exd4 13. cxd4 Nc6 14. Nc3 Bf6 15. Be3 cxd4 16. Nxd4 Nxd4
17. Bxd4 Bb7 18. Rc1 Rc8 19. Bb1 g6 20. Bxf6 Qxf6 21. Qd2 Rfe8
22. Re3 b4 23. Ne2 Rxc1+ 24. Qxc1 Nc5 25. Ng3 Qd4 26. Kh2 a5
27. Re2 Re6 28. Qg5 Re8 29. Nf5 Qe5+ 30. f4 Qe6 31. e5 f6
32. Qh6 Qd7 33. Nxd6 Re7 34. Rd2 fxe5 35. fxe5 Qe6 36. Nc4 Bd5
37. Qf4 Bxc4 38. bxc4 Qxe5 39. Rd8+ Kg7 40. Qxe5+ Rxe5 41. Bc2
Re2 42. Bb1 Rb2 43. Rd1 a4 44. Kg3 a3 45. Kf3 Kf6 46. g3 Ke6
47. h4 Na4 48. Re1+ Kd6 49. h5 gxh5 50. Bxh7 Nc3 51. c5+ Kxc5
52. Bg8 Nxa2 53. Re5+ Kb6 54. Rxh5 Nc1 55. Bc4 a2 56. Rb5+ Kc6
57. Ra5 b3 58. g4 Rb1 59. Kf4 a1=Q 60. g5 0-1

[Event "Capablanca Memorial (Elite)"]
[Site "Havana CUB"]
[Date "2012.05.08"]
[EventDate "2012.05.03"]
[Round "5"]
[Result "1/2-1/2"]
[White "Ian Nepomniachtchi"]
[Black "Leinier Dominguez Perez"]
[WhiteElo "2716"]
[BlackElo "2725"]
[PlyCount "47"]

1. e4 c5 2. Nf3 d6 3. d4 cxd4 4. Nxd4 Nf6 5. Nc3 a6 6. Bg5 e6
7. f4 h6 8. Bh4 Qb6 9. a3 Be7 10. Bf2 Qc7 11. Qe2 Nc6 12. h3
b5 13. g4 Bb7 14. Bg2 Rc8 15. Nxc6 Qxc6 16. O-O-O Qc4 17. Rhe1
Qxe2 18. Rxe2 Nd7 19. Bg3 Nb6 20. Rd3 Nc4 21. Nd1 g5 22. f5
Ne5 23. Bxe5 dxe5 24. Ne3 1/2-1/2

[Event "Chess Olympiad"]
[Site "Istanbul TUR"]
[Date "2012.08.28"]
[EventDate "?"]
[Round "1.13"]
[Result "0-1"]
[White "Shinya Kojima"]
[Black "Leinier Dominguez Perez"]
[WhiteElo "2282"]
[BlackElo "2725"]
[PlyCount "68"]

1. Nf3 c5 2. c4 Nc6 3. d4 cxd4 4. Nxd4 Nf6 5. g3 e5 6. Nb5
Bb4+ 7. N1c3 d6 8. Bg2 a6 9. Na3 Bxc3+ 10. bxc3 O-O 11. O-O
Qc7 12. Nc2 Be6 13. Ne3 e4 14. Ba3 Rfd8 15. Qc2 Ne5 16. Bxe4
Nxe4 17. Qxe4 Nxc4 18. Nxc4 Bxc4 19. Rfd1 d5 20. Qc2 Re8
21. e3 Re6 22. Rd2 Rae8 23. Rad1 Rb6 24. Qf5 Rf6 25. Qc2 Qc8
26. Rd4 Rh6 27. e4 Rhe6 28. f3 h6 29. Bc1 dxe4 30. fxe4 Qc6
31. Bf4 Rxe4 32. Rxe4 Rxe4 33. Rd8+ Re8 34. Qd2 Qc5+ 0-1